00510nam a2200169 a 45000010005000000030009000050050017000140080045000310400038000760820019001141000020001332450067001532600043002203000024002636500033002877000020003209462BD-DhUAP20200205132616.0200204s pk b | 00eng eng d aBD-DhUAPcBD-DhUAPbEngdBD-DhUAP00223a342.41 WAD a Wade, E. C. S.10aEnglish constitutional law /cE. C. S. Wade and G. G. Philips. aLahore :bP. L. D. publishers,c[...?] a140 pages ;c22 cm. 0aConstitutional lawzBritish. aPhilips, G. G.